000 00837cad a22002295a 4500
001 L159762
008 150226s2016 xxk f 000 0 eng d
035 _a(Sirsi) u159762
041 0 _aeng
100 1 _aHeywood, Andrew
245 0 2 _aA bursting housing bubble can exacerbate an economic downturn, threaten financial stability and cause major dislocation and hardship
260 _c2016
490 _aModus
_vJune 2016, 30-32 (3)
520 _aConsiders whether the political upsides to house price inflation might just be too appealing for governments to truly get to grips with the problem.
590 _aKA
650 2 4 _aHOUSING
650 2 4 _aHOUSE PRICE INFLATION
650 2 4 _aPROPERTY-RESIDENTIAL PROPERTY-RESIDENTIAL PROPERTY MARKET
651 4 _aInternational
690 _aResidential property
_96266
942 _n0
999 _c84967
_d84967